Detalles MARC
| 000 -LIDER |
| fixed length control field |
02206nam a2200301 a 4500 |
| 001 - NÚMERO DE CONTROL |
| Identificador de número de control |
|
| 003 - IDENTIFICACDOR DE NÚMERO DE CONTROL |
| control field |
DO-SdBNP |
| 005 - DATE AND TIME OF LATEST TRANSACTION |
| control field |
20231127084021.0 |
| 008 - ELEMENTOS DE LONGITUD FIJA |
| fixed length control field |
970221s1998 dr a 001 0 spa |
| 040 ## - FUENTE DE CATALOGACIÓN |
| Agencia que crea de manera original el registro |
BPMSU |
| Idioma de catalogación |
spa |
| Agencia que realiza la transcripción |
BPMSU |
| 082 #4 - NÚMERO DE CLASIFICACIÓN DECIMAL DE DEWEY |
| Classification number |
RD861.08 |
| Item number |
H557g 1998 |
| Edition number |
22 |
| 100 1# - ASIENTO PRINCIPAL -- NOMBRE PERSONAL |
| Nombre personal |
Hernández Rueda, Lupo. |
| 245 13 - MENCIÓN DE TITULO |
| Título |
La generación del 48 / |
| Mención de responsabilidad |
Lupo Hernández Rueda; presentación José Rafael Lantigua. |
| 246 12 - VARIACION DEL TÍTULO |
| Título propiamente dicho o título corto |
Generación del cuarenta y ocho |
| 260 ## - PUBLICACIÓN, DISTRIBUCIÓN, ETC. (PIE DE IMPRENTA) |
| Lugar de publicación, distribución, etc |
Santo Domingo : |
| Nombre del editor, distribuidor, etc. |
Comisión Permanente de la Feria Nacional del Libro, |
| Fecha de publicación, distribución, etc |
1998 |
| 300 ## - DESCRIPCIÓN FÍSICA |
| Extensión |
2 v. : |
| Otros detalles físicos |
il. ; |
| Dimensiones |
23 cm. |
| 500 ## - NOTA GENERAL |
| Nota general |
Incluye datos biográficos del autor en la solapa de la cubierta |
| 500 ## - NOTA GENERAL |
| Nota general |
Includes index. |
| 505 0# - NOTA DE CONTENIDO |
| Texto normalizado de contenido |
v. 1 : La historia -- v.2 : Antología poética. |
| 505 0# - NOTA DE CONTENIDO |
| Texto normalizado de contenido |
La generación del 48 en la literatura dominicana 21 -- La generacipon literaria de una generación histórica 37 -- Los poetas del 48 y sus criterios 49 -- El drama del silencio 61 -- La poesía del desahogo 73 -- La poesía-politico-social 89 -- La visión profética optimista 123 -- La patria y el paisaje 155 -- La recreación histórica 169 -- El tema de la sociedad, Dios y la angustia humana 181 -- Poesía con el hombre universal y realismo humano 195 -- Lenguaje y expresión poética 203 -- El drama de amor en la generación del 48 225 -- Valera Benitez, o la patria temblando en la palabra 229 -- El idealismo amoroso de Cifre Navarro 243 -- Maximo Aviles Blonda: de la pureza serafica a lo humano 257 -- El misticismo sensual de Rafael Lara Cintrón 273 -- Peña Lebron: La desolación que amo 281 -- Víctor Villegas: La espera que nutre la esperanza 293 -- El romanticismo arraigado de Luis Alfredo Torres 309 -- El realismo amoroso en Abelardo Vicioso 325 -- Lupo: amor sobre la muerte 339 -- El testimonio de Abel Fernández Mejía 355 |
| 590 ## - NOTA LOCAL |
| Enlace |
Inventariado, 2022/VM |
| Texto de la nota local |
Inventariado, 2023/VM |
| 650 #4 - ENCABEZAMIENTO DE MATERIA--TEMÁTICO |
| Término temático o nombre geográfico como elemento de entrada |
Literatura dominicana |
| Subdivisión temática general |
Historia y critica |
| Subdivisión cronológica |
Siglo XX |
| 650 #4 - ENCABEZAMIENTO DE MATERIA--TEMÁTICO |
| Término temático o nombre geográfico como elemento de entrada |
Poesía dominicana |
| Subdivisión de forma |
Colecciones |
| Subdivisión cronológica |
Siglo XX |
| 650 #4 - ENCABEZAMIENTO DE MATERIA--TEMÁTICO |
| Término temático o nombre geográfico como elemento de entrada |
Poetas dominicanos |
| 710 2# - ASIENTO SECUNDARIO -- NOMBRE CORPORATIVO |
| Nombre corporativo o de jurisdicción |
Comisión Permanente de la Feria Nacional del Libro (República Dominicana) |
| 910 ## - VALIDACIÓN |
| Validación |
VMateo V. Control de calidad. BPMSU |
| 942 ## - ADDED ENTRY ELEMENTS (KOHA) |
| Source of classification or shelving scheme |
Dewey Decimal Classification |
| Koha item type |
Libros |